00758nam a2200217 a 4500001001000000003000900010005001700019008004100036020001800077040002500095082002400120100002800144245008100172260003900253300002800292500006300320500007300383650002400456650002700480700003300507000044242DO-SdBNP20240412074303.0140611s2008 dr a 000 0 spa d a9789945130577 aDO-SdBNPbspacBNPHU 4aRD863.44bV297m2221 aVargas, Ramón,d1952-13aEl maremoto de San Fernando /cRamón Vargas ; prólogo Freddy Aguasvivas. aSanto Domingo :bMediabyte,c2008. a143 p. :bil. ;c22 cm. aIncluye datos biográficos del autor en la contracubierta aIncluye referencias bibliográficas y notas al pie de las páginas 0aCuentos dominicanos 0aLiteratura dominicana.12aAguasvivas, Freddy,epról.